Optical fiber sensors: (Record no. 26794)
[ view plain ]
| 000 -LEADER | |
|---|---|
| fixed length control field | 00646nam a22001817a 4500 |
| 008 - FIXED-LENGTH DATA ELEMENTS--GENERAL INFORMATION | |
| fixed length control field | 230503b |||||||| |||| 00| 0 eng d |
| 020 ## - INTERNATIONAL STANDARD BOOK NUMBER | |
| International Standard Book Number | 0-89006-376-1 |
| 040 ## - CATALOGING SOURCE | |
| Original cataloging agency | National Science Library |
| Transcribing agency | National Science Library |
| 080 ## - UNIVERSAL DECIMAL CLASSIFICATION NUMBER | |
| Universal Decimal Classification number | 681.7.068:621.39 |
| Item number | M8.2 |
| 245 ## - TITLE STATEMENT | |
| Title | Optical fiber sensors: |
| Remainder of title | Systems and applications |
| 260 ## - PUBLICATION, DISTRIBUTION, ETC. | |
| Place of publication, distribution, etc. | Boston: |
| Name of publisher, distributor, etc. | Artech House, Inc., |
| Date of publication, distribution, etc. | 1989 |
| 500 ## - GENERAL NOTE | |
| General note | Vol. 1 (ISBN: 0-89006-317-6; 1988; xvi, 1p.-328p.)<br/>Vol. 2 (ISBN: 0-89006-376-1; 1989; xxii, 329p.-799p.) |
| 650 ## - SUBJECT ADDED ENTRY--TOPICAL TERM | |
| Topical term or geographic name entry element | Industries |
| 653 ## - INDEX TERM--UNCONTROLLED | |
| Uncontrolled term | Optical sources |
| 700 ## - ADDED ENTRY--PERSONAL NAME | |
| Personal name | Dakin, John (Ed.) |
| 700 ## - ADDED ENTRY--PERSONAL NAME | |
| Personal name | Culshaw, Brian (Ed.) |
| 942 ## - ADDED ENTRY ELEMENTS (KOHA) | |
| Source of classification or shelving scheme | Universal Decimal Classification |
| Koha item type | Reference |
| Withdrawn status | Lost status | Damaged status | Not for loan | Collection | Home library | Current library | Shelving location | Date acquired | Serial Enumeration / chronology | Total Checkouts | Full call number | Barcode | Date last seen | Price effective from | Koha item type |
|---|---|---|---|---|---|---|---|---|---|---|---|---|---|---|---|
| Reference | National Science Library | National Science Library | GF/Rk-21/C-9/R-7 | 21/08/1990 | Vol. 2 (ISBN: 0-89006-376-1; 1989; xxii, 329p.-799p.) | 681.7.068:621.39 M8.2 | 171084 | 03/05/2023 | 21/08/1990 | Reference |